Statistics for The Biggest Islands In The World By Size.

Click here to take the quiz!

General Stats

  • This quiz has been taken 29 times
  • The average score is 12 of 15

Answer Stats

SizeIsland% Correct
209,331Great Britain
100%
2,130,800Greenland
96%
587,041Madagascar
93%
748,168Borneo
89%
138,794Java
85%
785,753New Guinea
85%
225,800Honshu
81%
443,065Sumatra
81%
111,583North Island
74%
145,836South Island
74%
507,451Baffin Island
70%
109,965Luzon
63%
217,291Victoria Island
63%
196,236Ellesmere Island
56%
180,681Sulawesi
56%

Score Distribution

Percentile by Number Answered

Percent of People with Each Score

Your Score History

You have not taken this quiz